| 000 | 00408nam a2200169Ia 4500 | ||
|---|---|---|---|
| 005 | 20250508161614.0 | ||
| 008 | 008 250505s9999 xx 000 0 hin d | ||
| 037 | _aTextual | ||
| 040 |
_aFEDL _beng _cFEDL |
||
| 041 |
_ahin _2eng |
||
| 084 |
_aB, TAG _qFEDL |
||
| 100 | _aMadan Indranath | ||
| 245 | 0 | _aHamare gurudev | |
| 300 | _a24p. | ||
| 942 |
_cTEXL _hB, TAG |
||
| 999 |
_c1371073 _d1371073 |
||